Statystyki dla Polscy prezydenci po 1989 roku

Kliknij tutaj aby rozwiązać quiz!

Ogólne statystyki

  • Ten quiz został rozwiązany 29 razy
  • Średni wynik to 5 z 6

Statystyki odpowiedzi

Data urzędowaniaimię i nazwisko% Poprawnych
2015-2025Andrzej Duda
96%
2010-2015Bronisław Komorowski
96%
1990-1995Lech Wałęsa
96%
2005-2010Lech Kaczyński
88%
1989Wojciech Jaruzelski
77%
1995-2005Aleksander Kwaśniewski
69%

Rozkład punktacji

Percentyl według liczby udzielonych odpowiedzi

Procent ludzi z każdym wynikiem

Twoja historia wyników

Nie rozwiązałeś tego quizu